000 00430nam a2200181Ia 4500
001 5163
005 20260306145848.0
008 260306t2007||||xx |||||||||||||| ||spa||
041 _aESP
082 _a336.34
_bB21 2007
100 _aBanco Interamericano de Desarrollo
_eAUT
245 0 _aVivir con deuda
260 _c2007
300 _a352 páginas :
_c26 cm.
650 _aGEN
654 _aCAN
942 _cLIB
_dJUS
_fJUS
_2ddc
_n
999 _c5163
_d5163